[Event "POL-chT 2nd League South"]
[Site "Wisla"]
[Date "1998.??.??"]
[Round "?"]
[White "Szopka, Dariusz"]
[Black "Zaboklicki, Zbigniew"]
[Result "1-0"]
[WhiteElo "2215"]
[BlackElo "2095"]
[PlyCount "103"]
[EventDate "1998.11.20"]
[EventType "team-swiss"]
[EventRounds "10"]
[EventCountry "POL"]
[SourceTitle "EXT 2000"]
[Source "ChessBase"]
[SourceDate "1999.11.16"]
[SourceVersion "1"]
[SourceVersionDate "1999.11.16"]
[SourceQuality "1"]

1. e4 c5 2. Nf3 Nc6 3. d4 cxd4 4. Nxd4 e6 5. Nc3 a6 6. Bf4 d6 7. Nxc6 bxc6 8. Bc4 d5 9. Bb3 Nf6 10. 0-0 Be7 11. Ba4 Bd7 12. e5 Ng8 13. Qg4 g5 14. Be3 h5 15. Qe2 c5 16. Bxd7+ Qxd7 17. Rad1 Qc6 18. Bc1 0-0-0 19. f4 gxf4 20. Rxf4 f5 21. exf6 Bxf6 22. Qf3 Bxc3 23. bxc3 Ne7 24. Rf6 Rhg8 25. Re1 Rg6 26. Rxg6 Nxg6 27. Qf6 Nf8 28. Bh6 Qd6 29. Bf4 Qb6 30. Qf7 c4+ 31. Be3 Qc7 32. Qxh5 Qh7 33. Qe5 Qc7 34. Qf6 Re8 35. Bd4 Qe7 36. Qxe7 Rxe7 37. Bc5 Rf7 38. Bxf8 Rxf8 39. Rxe6 Kc7 40. h3 Rb8 41. g4 Rb2 42. Re2 Rxa2 43. g5 Ra3 44. g6 Rxc3 45. g7 Rg3+ 46. Rg2 Rxg7 47. Rxg7+ Kc6 48. h4 d4 49. h5 c3 50. Rg3 a5 51. h6 d3 52. Rxd3 1-0

[Event "POL-chT 2nd League South"]
[Site "Wisla"]
[Date "1998.??.??"]
[Round "?"]
[White "Szydlowski, Edward"]
[Black "Szopka, Dariusz"]
[Result "0-1"]
[WhiteElo "2250"]
[BlackElo "2215"]
[PlyCount "64"]
[EventDate "1998.11.20"]
[EventType "team-swiss"]
[EventRounds "10"]
[EventCountry "POL"]
[SourceTitle "EXT 2000"]
[Source "ChessBase"]
[SourceDate "1999.11.16"]
[SourceVersion "1"]
[SourceVersionDate "1999.11.16"]
[SourceQuality "1"]

1. d4 Nf6 2. c4 g6 3. Nc3 Bg7 4. e4 d6 5. f3 0-0 6. Be3 e5 7. Nge2 Nc6 8. d5 Ne7 9. Qd2 c6 10. 0-0-0 cxd5 11. cxd5 Bd7 12. Kb1 b5 13. Rc1 b4 14. Nd1 Qa5 15. Nf2 Rab8 16. g3 Nfxd5 17. Bg5 Be6 18. exd5 Nxd5 19. b3 Rbc8 20. Rxc8 Rxc8 21. Bh3 Bxh3 22. Nxh3 Nc3+ 23. Nxc3 bxc3 24. Qc2 d5 25. Nf2 f5 26. h4 d4 27. g4 Qd5 28. gxf5 Qxf3 29. f6 Bxf6 30. Rh3 Qg2 31. Rh1 Bxg5 32. hxg5 Rf8 0-1